| 000 | 01711cam a2200457 i 4500 | ||
|---|---|---|---|
| 001 | 18308892 | ||
| 003 | BJBSDDR | ||
| 005 | 20260309122027.0 | ||
| 007 | ta | ||
| 008 | 140919s2013 sp a b 000 0 spa c | ||
| 010 | _a 2014417881 | ||
| 020 | _a9788469582541 (v.1) | ||
| 020 | _a9788469582541 (v.2) | ||
| 035 | _a18308892 | ||
| 035 | _a(OCoLC)880869059 | ||
| 040 |
_aNjP _bspa _cPUL _erda _dOCLCO _dOCLCF _dDLC |
||
| 041 | 0 |
_aspa _aeng |
|
| 042 | _apcc | ||
| 043 | _af-mr--- | ||
| 050 | 0 | 0 |
_aDT330 _bP967 2013 |
| 082 | 0 | 0 |
_a964/.04 _223 |
| 245 | 0 | 3 |
_aEl protectorado español en Marruecos : _bla historia trascendida / _cdirección de Manuel Aragón Reyes ; edición y coordinación de Manuel Gahete Jurado ; colabora Fatiha Benlabbah ; Ignacio Sánchez Galán [and others]. |
| 264 | 1 |
_aBilbao : _bIberdrola, _c[2013] |
|
| 300 |
_a2 volumes : _billustrations (some color) ; _c24 cm. |
||
| 336 |
_atext _2rdacontent |
||
| 337 |
_aunmediated _2rdamedia |
||
| 338 |
_avolume _2rdacarrier |
||
| 490 | 1 | _aColección Páginas de historia | |
| 504 | _aIncludes bibliographical references. | ||
| 505 | 0 | 0 |
_gVol. 1. _tVertiente jurídica, socioeconómico-demográfica y científico-educativa -- _gvol. 2. _tVertiente cultural-historiográfica y literaria -- |
| 546 | _aSpanish, French, and English. | ||
| 651 | 0 | _aMorocco (Spanish zone) | |
| 651 | 0 |
_aMorocco _xHistory _y1912-1956. |
|
| 700 | 1 |
_aAragón Reyes, Manuel, _d1944- _eeditor. _942564 |
|
| 700 | 1 |
_aGahete, Manuel, _d1957- _eeditor. _947397 |
|
| 830 |
_aColección Paginas de historia ; _947395 |
||
| 906 |
_a7 _bcbc _cpccadap _d2 _encip _f20 _gy-gencatlg |
||
| 942 |
_2lcc _n0 _cBK |
||
| 946 | _irmza | ||
| 999 |
_c126548 _d126548 |
||